Statistics for Leaders of Plaid Cymru

Click here to take the quiz!

General Stats

  • This quiz has been taken 20 times
  • The average score is 4 of 10

Answer Stats

TenureLeader% Correct
2012-presentLeanne Wood
93%
1926-1939Saunders Lewis
60%
1945-1981Gwynfor Evans
60%
1981-1984 | 1991-2000Dafydd Wigley
47%
2000-2012Ieuan Wyn Jones
47%
1984-1991Dafydd Elis-Thomas
33%
1925-1926Lewis Valentine
20%
1943-1945Abi Williams
20%
1939-1943John Edward Daniel
0%

Score Distribution

Percentile by Number Answered

Percent of People with Each Score

Your Score History

You have not taken this quiz